The Importance of the Choice of the Suitable Music Production for the Retail and Service Facilities

Realizácia a hodnotenie hudobných produkcií v maloobchodných a servisných zariadeniach prostredníctvom metódy pozorovania.

Na minha lista:
Detalhes bibliográficos
Autor principal: Staňo, Roman
Outros Autores: Litomerický, Juraj
Formato: Capítulo de Livro
Idioma:inglês
Assuntos:
Tags: Adicionar Tag
Sem tags, seja o primeiro a adicionar uma tag!

MARC

LEADER 00000naa$a2200000$$$4500
001 0259481
005 20240502074114.5
041 0 |a eng 
044 |a SK 
245 1 0 |a The Importance of the Choice of the Suitable Music Production for the Retail and Service Facilities  |c Roman Staňo, Juraj Litomerický 
520 |a Realizácia a hodnotenie hudobných produkcií v maloobchodných a servisných zariadeniach prostredníctvom metódy pozorovania. 
610 2 0 |a hudba 
610 2 0 |a retailing 
610 2 0 |a služby 
610 2 0 |a zákazníci 
100 1 |a Staňo, Roman 
700 1 |a Litomerický, Juraj